Cultural heritage in Asia : study on borobudur

Saved in:
Bibliographic Details
Main Author: Ishizawa, Yoshiaki
Format: Book
Language:Undetermined
Published: Chiyoda-ku Sophia university 1987
Subjects:
Tags: Add Tag
No Tags, Be the first to tag this record!
Institutions: Trung tâm Học liệu Trường Đại học Cần Thơ
LEADER 00565nam a2200205Ia 4500
001 CTU_91436
008 210402s9999 xx 000 0 und d
082 |a 950 
082 |b I.79 
100 |a Ishizawa, Yoshiaki 
245 0 |a Cultural heritage in Asia : 
245 0 |b study on borobudur 
245 0 |c Yoshiaki Ishizawa, Yasushi Kono 
260 |a Chiyoda-ku 
260 |b Sophia university 
260 |c 1987 
650 |a Cultural property, protection of 
650 |z Asia 
904 |i Vương 
980 |a Trung tâm Học liệu Trường Đại học Cần Thơ